000 00838pam a2200289 4500
999 _c5797
_d5797
001 5797
003 BD-JhCC
005 20171227161717.0
008 720728t19731972nyua b 001 0 eng
020 _a0394479343
035 _a(BD-JhCC)5797
040 _aDLC
_cDLC
_dDLC
041 _aeng
050 0 0 _aE169.1
_b.P555
082 0 0 _a301.32/6/0973
_bPIE 1973
100 1 _aPierson, George Wilson,
_d1904-
245 1 4 _aThe moving American /
_c[by] George W. Pierson.
250 _a[1st ed.]
260 _aNew York,
_bKnopf; [distributed by Random House]
_c1973 [c1972]
300 _axii, 290, xiii p.
_billus.
_c22 cm.
350 _a$7.95
504 _aIncludes bibliographical references.
650 0 _aNational characteristics, American.
650 0 _aMigration, Internal
_zUnited States.
942 _2ddc
_cBK